00816 2200289 4500001002100000005001700021008004100038020001800079035002400097090001500121100002200136245010300158250001000261260003800271300002400309500004000333650003300373700001700406700001100423850001500434980001100449985000600460999001500466999001500481999001500496999001500511YOGYA-0209000003873220090227025409.0 ind  a979-3237-82-1 0010-020900000038732 a813bSaa T aSAADAWI, Nawal El aTak ada tempat bagi perempuan di surgacNawal El Saadawi; penerjemah, Hj. Azhariah; editor, Widati aCet.1 aYogyakartabPustaka Pelajarc2003 axii, 206 hlmc20 cm aJudul asli : Adabun am qillatu adab aFiksi Indonesia - Terjemahan aAzhariah, Hj aWidati aYOPDYOG(B) a060506 a4 a05B0011835 a05B0011836 a05B0011837 a05B0011838